Ροές αυτόνομων διαφορικών εξισώσεων

Η εργασία αυτή είναι μία εισαγωγή στην μελέτη συστημάτων συνήθων μη-γραμμικών διαφορικών εξισώσεων και πως αυτά ορίζουν δυναμικά συστήματα. Παρουσιάζονται τα θεμελιώδη θεωρήματα ύπαρξης για συνήθεις διαφορικές εξισώσεις, καθώς και η χρησιμότητα των εξισώσεων Liapunov για την μελέτη των δυναμικών συσ...

Πλήρης περιγραφή

Αποθηκεύτηκε σε:
Λεπτομέρειες βιβλιογραφικής εγγραφής
Κύριος συγγραφέας: Κυριαζόπουλος, Πάρις-Παρασκευάς
Συγγραφή απο Οργανισμό/Αρχή: Πανεπιστήμιο Αιγαίου. Σχολή Θετικών Επιστημών. Τμήμα Μαθηματικών
Μορφή: Thesis Βιβλίο
Γλώσσα:Greek
Δημοσίευση: 2008.
Θέματα:
Διαθέσιμο Online:http://hdl.handle.net/11610/8010
Ετικέτες: Προσθήκη ετικέτας
Δεν υπάρχουν, Καταχωρήστε ετικέτα πρώτοι!

MARC

LEADER 00000cam a2200000 i 4500
001 1/4189
008 100204s2008 gr | ||| |||| ||gre||
035 |l 10106645 
040 |a GR-MyUA  |b gre  |e AACR2 
041 0 |a gre 
082 0 |a 515.352   |2 (22) 
100 1 |a Κυριαζόπουλος, Πάρις-Παρασκευάς. 
245 1 0 |a Ροές αυτόνομων διαφορικών εξισώσεων /   |c Πάρις-Παρασκευάς Κυριαζόπουλος ; επιβλέπων καθηγητής, Νικόλαος Καραχάλιος.  
260 |c 2008.  
300 |a vii, 43 σ. :   |b σχέδια ;   |c 30 εκ.  
500 |a Μέλη της εξεταστικής επιτροπής: Νικολόπουλος Χρήστος, Καραχάλιος Νικόλαος, Καβαλάρης Νικόλαος. 
502 |a Πτυχιακή εργασία – Πανεπιστήμιο Αιγαίου, Σάμος, 2008. 
504 |a Βιβλιογραφία: σ.43.  
506 1 |a Διάθεση πλήρους κειμένου ;   |d Ενδοπανεπιστημιακή δημοσίευση.  
540 |a Κλειδωμένη η δυνατότητα αντιγραφής (copy) του κειμένου.  
520 |a Η εργασία αυτή είναι μία εισαγωγή στην μελέτη συστημάτων συνήθων μη-γραμμικών διαφορικών εξισώσεων και πως αυτά ορίζουν δυναμικά συστήματα. Παρουσιάζονται τα θεμελιώδη θεωρήματα ύπαρξης για συνήθεις διαφορικές εξισώσεις, καθώς και η χρησιμότητα των εξισώσεων Liapunov για την μελέτη των δυναμικών συστημάτων. Τέλος, δίνουμε κάποια παράδειγματα δυναμικών συστημάτων σε δύο και τρεις διαστάσεις. 
610 2 0 |a University of the Aegean  |x Dissertations. 
650 0 0 |a Differentiable dynamical systems. 
650 0 0 |a Differential equations, Nonlinear. 
650 0 0 |a Lyapunov functions. 
650 0 0 |a Dissertations, Academic  |z Greece. 
700 1 |a Καραχάλιος, Νικόλαος,  |e dgs 
710 2 |a Πανεπιστήμιο Αιγαίου.   |b Σχολή Θετικών Επιστημών.   |b Τμήμα Μαθηματικών. 
852 |a INST  |b SAMOS  |c DIATR  |e 20100204  |h 515.352 ΚΥΡ  |p 005300030804  |q 005300030804  |t DIE  |y 23 
852 |a INST  |b SAMOS  |c DIATR  |e 20100204  |h 515.352 ΚΥΡ  |p 005300030805  |q 005300030805  |t DIE  |y 23 
856 |u http://hdl.handle.net/11610/8010 
901 |a BIBL3-2010-1 
909 |a Σ  |b 158613 
909 |a Σ  |b 158614 
924 |a ΚΥΡΙΑΖΟΠΟΥΛΟΣ  |b ΠΑΡΙΣ-ΠΑΡΑΣΚΕΥΑΣ  |y Σάμος  |z 2009-11 
970 |a ΚΟΣΙΕΡΗΣ  |b ΧΡΗΣΤΟΣ  |z 2010/02/04